000 00772cam a22002413a 4500
001 21900
003 PGUSA
005 20140828083451.0
008 070622s2007||||xxu|||||s|||||000 | eng d
040 _aPGUSA
_beng
042 _adc
050 4 _aSF
100 1 _aGoodale, S. L.
_q(Stephen Lincoln),
_d1815-1897
245 1 4 _aThe Principles of Breeding ;
_bor, Glimpses at the Physiological Laws involved in the Reproduction and Improvement of Domestic Animals
_h[electronic resource] /
_cS. L. Goodale
260 _bProject Gutenberg,
_c2007
506 _aPublic domain in the USA.
516 _aElectronic text
653 _aBreeding
653 _aLivestock
830 0 _aProject Gutenberg
_v21900
856 4 0 _uhttp://www.gutenberg.org/ebooks/21900
942 _cEB
999 _c251155
_d251155